[Event "Faxe Dags EMT 2011"]
[Site "Faxe"]
[Date "2011.03.30"]
[Round "1"]
[White "Strandsbjerg, Jens"]
[Black "Andersen, Bjarne Hjorth"]
[Result "0-1"]
[WhiteElo "1462"]
[BlackElo "1963"]
[PlyCount "78"]
[EventDate "2011.??.??"]

1. d4 Nf6 2. c4 g6 3. Nc3 d5 4. cxd5 Nxd5 5. e4 Nxc3 6. bxc3 Bg7 7. Nf3 c5 8.
Bb2 O-O 9. Bc4 Bg4 10. d5 Nd7 11. O-O Qa5 12. Qc2 Bxf3 13. gxf3 Qc7 14. Qd2 Be5
15. Qh6 Nf6 16. Qh3 Nh5 17. Bc1 Bxc3 18. Rb1 Be5 19. Kh1 b6 20. Be3 Qd6 21. Rg1
Kh8 22. Rg4 Bf4 23. Rh4 Bxe3 24. fxe3 Rad8 25. Be2 Qe5 26. Qg2 f5 27. Kg1 Qf6
28. Qf2 f4 29. Rg4 Qc3 30. exf4 Nxf4 31. Rg3 Qc2 32. Re1 Qxa2 33. Qf1 Nxe2+ 34.
Rxe2 Qc4 35. Rgg2 Qd4+ 36. Kh1 Rf4 37. Rg3 Rdf8 38. Kg2 a5 39. Qb1 c4 0-1

[Event "Faxe Dags EMT 2011"]
[Site "Faxe"]
[Date "2011.03.30"]
[Round "1"]
[White "Jensen, Leif"]
[Black "Rasmussen, Frede"]
[Result "1-0"]
[WhiteElo "1947"]
[BlackElo "1434"]
[PlyCount "56"]
[EventDate "2011.??.??"]

1. e4 e6 2. d4 a6 3. f4 h6 4. Nf3 d6 5. Bd3 Nd7 6. O-O Ndf6 7. c3 Bd7 8. Qc2
Bc6 9. Re1 Be7 10. Be3 Ng4 11. Bf2 g5 12. Bg3 gxf4 13. Bxf4 Bg5 14. Qd2 f6 15.
h3 e5 16. Bxg5 hxg5 17. hxg4 Qd7 18. d5 Bxd5 19. exd5 Qxg4 20. Bg6+ Ke7 21. Re4
Qd7 22. Nd4 Nh6 23. Qf2 Rag8 24. Nf5+ Nxf5 25. Qxf5 Qxf5 26. Bxf5 Rh6 27. Nd2
Rgh8 28. Rae1 b6 1-0

[Event "Faxe Dags EMT 2011"]
[Site "Faxe"]
[Date "2011.03.30"]
[Round "1"]
[White "Nielsen, Flemming"]
[Black "Hansen, Jens Hjort"]
[Result "0-1"]
[WhiteElo "1428"]
[BlackElo "1936"]
[PlyCount "100"]
[EventDate "2011.??.??"]

1. e4 c5 2. Nf3 d6 3. h3 Nf6 4. c3 Nc6 5. Qc2 e6 6. d4 cxd4 7. cxd4 Be7 8. Bb5
Bd7 9. Bf4 Rc8 10. Bxc6 Bxc6 11. Nc3 Bxe4 12. Qe2 Bc6 13. O-O a6 14. Rfe1 O-O
15. Rad1 Nd5 16. Bd2 Bf6 17. Ne4 h6 18. Ng3 Qb6 19. Bc1 Nb4 20. Be3 Bd5 21. b3
Rc2 22. Rd2 Rfc8 23. a3 Rxd2 24. Qxd2 Bxf3 25. axb4 Bd5 26. Nh5 Kf8 27. Nxf6
gxf6 28. Bxh6+ Ke7 29. Re3 Qc6 30. Rg3 Qc2 31. Qf4 Rc3 32. Bg7 Qc1+ 33. Qxc1
Rxc1+ 34. Kh2 Rb1 35. h4 Rxb3 36. Rxb3 Bxb3 37. h5 Bc2 38. g4 Bh7 39. Kg3 b6
40. Bh6 a5 41. bxa5 bxa5 42. f3 a4 43. Bc1 Kd7 44. Kf4 Kc6 45. Bb2 Kb5 46. Ke3
Kc4 47. d5 Kxd5 48. Bxf6 e5 49. f4 a3 50. fxe5 dxe5 0-1

[Event "Faxe Dags EMT 2011"]
[Site "Faxe"]
[Date "2011.03.30"]
[Round "1"]
[White "Petersen, Bent"]
[Black "Wehlast, Svend Erik"]
[Result "1-0"]
[WhiteElo "1884"]
[BlackElo "1420"]
[PlyCount "67"]
[EventDate "2011.??.??"]

1. d4 d5 2. c4 e6 3. Nf3 h6 4. Nc3 Nf6 5. e3 c5 6. Be2 Be7 7. O-O O-O 8. Qc2
Nc6 9. Rd1 a6 10. a3 Qe8 11. cxd5 exd5 12. dxc5 Be6 13. b4 Qc8 14. Bb2 Bf5 15.
Bd3 Bg4 16. Be2 Bf5 17. Qb3 Be6 18. Nd4 Qb8 19. Bf3 Ne5 20. Nce2 Bg4 21. Nf4
Bxf3 22. gxf3 g5 23. Nxd5 Nxd5 24. Qxd5 Ng6 25. Nf5 Nh4 26. Nxe7+ Kh7 27. Nf5
Qc8 28. Nxh4 gxh4 29. Qe4+ f5 30. Qe7+ Kg6 31. Rd6+ Kh5 32. Bg7 Rh8 33. Qf7+
Kg5 34. Bf6# 1-0

[Event "Faxe Dags EMT 2011"]
[Site "Faxe"]
[Date "2011.03.30"]
[Round "1"]
[White "Ostrem, Eyolf"]
[Black "Arendal, Gustav"]
[Result "0-1"]
[WhiteElo "1400"]
[BlackElo "1834"]
[PlyCount "44"]
[EventDate "2011.??.??"]

1. d4 Nf6 2. c4 g6 3. Nc3 Bg7 4. e4 d6 5. Nf3 O-O 6. Be2 Nbd7 7. O-O e5 8. d5
Nc5 9. Qc2 a5 10. h3 Nh5 11. Be3 f5 12. Nd2 Nf4 13. Bxc5 dxc5 14. Kh2 Nxe2 15.
Nxe2 f4 16. Nf3 Ra6 17. Nc1 g5 18. g4 fxg3+ 19. fxg3 Rh6 20. Qg2 Bxh3 21. Qxh3
g4 22. Qxh6 Bxh6 0-1

[Event "Faxe Dags EMT 2011"]
[Site "Faxe"]
[Date "2011.03.30"]
[Round "1"]
[White "Eckert, Svend"]
[Black "Eriksen, Knud Ejler"]
[Result "0-1"]
[WhiteElo "1622"]
[BlackElo "1396"]
[PlyCount "48"]
[EventDate "2011.??.??"]

1. c4 c5 2. e3 e6 3. Nc3 b6 4. Nf3 Nc6 5. d4 d5 6. cxd5 exd5 7. dxc5 Bxc5 8.
Bb5 Nge7 9. Nxd5 Bb7 10. Nxe7 Qxe7 11. O-O O-O 12. a3 Rfd8 13. Qc2 Ne5 14. Nxe5
Qxe5 15. Bd2 Be4 16. Qc3 Qg5 17. g3 Qf5 18. f4 Bd3 19. Bxd3 Rxd3 20. Qc1 Qe6
21. Rf3 Rad8 22. b4 Be7 23. Be1 Bf6 24. Rb1 Rc8 0-1

[Event "Faxe Dags EMT 2011"]
[Site "Faxe"]
[Date "2011.03.30"]
[Round "1"]
[White "Christoffersen, Ib"]
[Black "Hansen, Aage"]
[Result "0-1"]
[WhiteElo "1366"]
[BlackElo "1622"]
[PlyCount "50"]
[EventDate "2011.??.??"]

1. e4 e6 2. d4 d5 3. e5 c5 4. Nf3 Nc6 5. c3 Bd7 6. Be3 cxd4 7. cxd4 Nge7 8. Bd3
Qb6 9. b3 Nb4 10. Be2 Rc8 11. O-O Nc2 12. Nbd2 Nxa1 13. Qxa1 Nf5 14. Bf4 h6 15.
Bd3 g5 16. Be3 Bb5 17. Bxb5+ Qxb5 18. a4 Qd3 19. Ne1 Qe2 20. Nef3 Nxe3 21. Re1
Nc2 22. Qc1 Qa6 23. h3 Ba3 24. Qd1 Nxe1 25. Nxe1 Rc1 0-1

[Event "Faxe Dags EMT 2011"]
[Site "Faxe"]
[Date "2011.03.30"]
[Round "1"]
[White "Hansen, Knud"]
[Black "Hansen, Arne Mandrup"]
[Result "0-1"]
[WhiteElo "1599"]
[BlackElo "1366"]
[PlyCount "56"]
[EventDate "2011.??.??"]

1. e4 d5 2. e5 Bf5 3. d4 e6 4. Nf3 Ne7 5. Be2 c6 6. O-O Nd7 7. h3 Qc7 8. Nbd2
f6 9. exf6 gxf6 10. Nh4 O-O-O 11. c4 Bg6 12. b4 Nf5 13. Nxf5 Bxf5 14. Bg4 Bxg4
15. Qxg4 f5 16. Qe2 e5 17. dxe5 Nxe5 18. Rb1 Bh6 19. cxd5 Rxd5 20. Nb3 Bxc1 21.
Rfxc1 Nd3 22. Rc4 Nf4 23. Qe3 Nxg2 24. Kxg2 Rg8+ 25. Kh1 Qd6 26. Rcc1 f4 27.
Qe4 Rh5 28. Qf3 Qd5 0-1

[Event "Faxe Dags EMT 2011"]
[Site "Faxe"]
[Date "2011.03.30"]
[Round "1"]
[White "Hansen, Egon"]
[Black "Hansen, Borge"]
[Result "0-1"]
[WhiteElo "1363"]
[BlackElo "1592"]
[PlyCount "52"]
[EventDate "2011.??.??"]

1. e4 e5 2. d4 exd4 3. Bc4 d6 4. Qxd4 Nc6 5. Bb5 Bd7 6. Bxc6 Bxc6 7. Nf3 Qf6 8.
Nc3 Qxd4 9. Nxd4 Bd7 10. O-O O-O-O 11. a4 Ne7 12. Be3 Kb8 13. b4 Nc6 14. Nxc6+
Bxc6 15. b5 Bd7 16. a5 c6 17. Rfb1 cxb5 18. Nxb5 Bxb5 19. Rxb5 a6 20. Rb6 Be7
21. Rab1 Rd7 22. Rxa6 Rc8 23. Ba7+ Ka8 24. Rab6 Kxa7 25. R6b2 Rc6 26. Ra2 Rdc7
0-1

[Event "Faxe Dags EMT 2011"]
[Site "Faxe"]
[Date "2011.03.30"]
[Round "1"]
[White "Kjeldgaard, Lennart"]
[Black "Larsen, Poul Erik"]
[Result "1-0"]
[WhiteElo "1565"]
[BlackElo "1334"]
[PlyCount "59"]
[EventDate "2011.??.??"]

1. e4 c5 2. Bc4 e6 3. Nc3 Nc6 4. Nf3 g6 5. d4 cxd4 6. Nxd4 Bg7 7. Be3 Nge7 8.
Bb5 O-O 9. Bxc6 bxc6 10. Nde2 Re8 11. Bc5 d6 12. Qxd6 Qxd6 13. Bxd6 Bxc3+ 14.
Nxc3 f5 15. e5 Nd5 16. Nxd5 cxd5 17. O-O Ba6 18. Rfc1 Rec8 19. a4 Rc6 20. b4
Rc4 21. c3 Rac8 22. Bc5 Bb7 23. Bd4 a6 24. Rcb1 Bc6 25. b5 axb5 26. axb5 Be8
27. b6 Rb8 28. b7 Ra4 29. Rxa4 Bxa4 30. Ba7 1-0

[Event "Faxe Dags EMT 2011"]
[Site "Faxe"]
[Date "2011.03.30"]
[Round "1"]
[White "Larsen, Paul M"]
[Black "Toftvang, Ove"]
[Result "1-0"]
[WhiteElo "1507"]
[BlackElo "1241"]
[PlyCount "77"]
[EventDate "2011.??.??"]

1. Nf3 d6 2. c4 e5 3. e4 Nf6 4. Nc3 c6 5. d4 exd4 6. Nxd4 Be7 7. Be2 O-O 8. O-O
a6 9. Be3 c5 10. Nc2 Nc6 11. Qd2 Be6 12. b3 Qc7 13. f4 Bg4 14. Rad1 Bxe2 15.
Qxe2 Qa5 16. Bd2 Qd8 17. Be3 Qc8 18. h3 Ne8 19. Nd5 f5 20. Nb6 Qd8 21. Nxa8
Qxa8 22. e5 Qc8 23. Qd2 Kh8 24. Bf2 Qe6 25. Qd5 Qh6 26. exd6 Bxd6 27. Bxc5
Bxc5+ 28. Qxc5 Qf6 29. Ne3 Nc7 30. Nd5 Nxd5 31. Rxd5 h5 32. Rfd1 Kh7 33. Rd6
Qe7 34. Rxc6 Qe8 35. Rc7 Qb8 36. Qe7 Rg8 37. Qf7 Qa7+ 38. c5 a5 39. Qxh5# 1-0

[Event "Faxe Dags EMT 2011"]
[Site "Faxe"]
[Date "2011.03.30"]
[Round "1"]
[White "Andersen, Hans Poul"]
[Black "Refsgaard, Kaj"]
[Result "0-1"]
[WhiteElo "1217"]
[BlackElo "1506"]
[PlyCount "64"]
[EventDate "2011.??.??"]

1. e4 c5 2. c4 g6 3. d3 Bg7 4. Nf3 Nc6 5. a3 d6 6. h3 Nf6 7. Nc3 O-O 8. Be2 Bd7
9. O-O Nd4 10. Nxd4 cxd4 11. Na2 e5 12. Nb4 a5 13. Nd5 Nxd5 14. cxd5 f5 15. f4
Qh4 16. exf5 Bxf5 17. Bg4 Rac8 18. Bxf5 Rxf5 19. Qg4 Qf6 20. Bd2 Rc2 21. fxe5
Rxf1+ 22. Rxf1 Qxe5 23. Bf4 Qxd5 24. Qg5 Qxg5 25. Bxg5 Rxb2 26. Be7 Be5 27. Bd8
a4 28. Bf6 Rb3 29. Bxe5 dxe5 30. Re1 Rxd3 31. Rxe5 Rxa3 32. Kh2 Rb3 0-1

[Event "Faxe Dags EMT 2011"]
[Site "Faxe"]
[Date "2011.03.30"]
[Round "1"]
[White "Sorensen, Lindved"]
[Black "Olsen, Michael2"]
[Result "1-0"]
[WhiteElo "1505"]
[BlackElo "1197"]
[PlyCount "54"]
[EventDate "2011.??.??"]

1. Nf3 Nc6 2. c4 e5 3. d3 d6 4. g3 Nf6 5. Nc3 Be6 6. Bg2 Be7 7. Ng5 h6 8. Nxe6
fxe6 9. Qb3 Rb8 10. Be3 Na5 11. Qa4+ c6 12. b4 Nxc4 13. dxc4 O-O 14. Bh3 Qd7
15. O-O b5 16. cxb5 cxb5 17. Qxa7 Qc6 18. Bxe6+ Kh8 19. Qxe7 Rfe8 20. Qf7 Rb7
21. Bd5 Nxd5 22. Qxd5 Qd7 23. Rad1 Re6 24. Ne4 Rc7 25. Nc5 Rc6 26. Qxe6 Qxe6
27. Nxe6 d5 1-0

[Event "Faxe Dags EMT 2011"]
[Site "Faxe"]
[Date "2011.03.30"]
[Round "1"]
[White "Jakobsen, Henning"]
[Black "Brinkhard, Anders"]
[Result "0-1"]
[WhiteElo "1182"]
[BlackElo "1482"]
[PlyCount "164"]
[EventDate "2011.??.??"]

1. d4 d5 2. c4 e6 3. Nc3 c6 4. Nf3 Nf6 5. Bg5 Nbd7 6. cxd5 exd5 7. e3 Be7 8.
Bd3 h6 9. Bh4 O-O 10. O-O Re8 11. Qc2 Nf8 12. Ne5 Ng4 13. Bxe7 Rxe7 14. Nxg4
Bxg4 15. h3 Bh5 16. Ne2 Bxe2 17. Qxe2 Nd7 18. Rac1 Nf6 19. b4 a6 20. a3 Qd6 21.
f4 Rae8 22. Rf3 Ne4 23. Bxe4 Rxe4 24. Qf2 f5 25. Re1 R8e6 26. Rg3 Rg6 27. Rf1
Qe6 28. Re1 Kh7 29. Rxg6 Qxg6 30. Qf3 Qf7 31. Kf2 Re6 32. g4 g6 33. Rg1 Re7 34.
g5 h5 35. h4 Qe6 36. Rc1 Qd6 37. Rc3 Qd8 38. Rc5 Re6 39. Qd1 Qe7 40. Rc3 Rd6
41. Qc1 Kg7 42. a4 Qd7 43. a5 Kf7 44. Rc5 Ke6 45. Ke2 Qc7 46. Kd2 Kd7 47. Qc3
b6 48. axb6 Qxb6 49. Ra5 Ke6 50. Qc5 Qb7 51. Kc3 Rd8 52. Kb3 Rb8 53. Ka4 Qb6
54. Qxb6 Rxb6 55. Rc5 Kd6 56. Ka5 Rb8 57. Rc3 Rb5+ 58. Ka4 Kc7 59. Rc5 Rb8 60.
Ka5 Kb7 61. Rc3 Re8 62. Rd3 Re7 63. Rc3 Re8 64. Rd3 Rb8 65. Rc3 Kc7 66. Rc5 Rb7
67. Rc3 Rb5+ 68. Ka4 Kb6 69. Rc5 Kb7 70. Rxb5+ cxb5+ 71. Kb3 Kb6 72. Ka3 a5 73.
Kb3 Ka6 74. Ka3 axb4+ 75. Kxb4 Kb6 76. Kb3 Ka5 77. Kc3 b4+ 78. Kb3 Kb5 79. Kc2
Kc4 80. Kb2 Kd3 81. Kb3 Kxe3 82. Kxb4 Kxd4 0-1

[Event "Faxe Dags EMT 2011"]
[Site "Faxe"]
[Date "2011.04.11"]
[Round "1"]
[White "Andersen, Hans E"]
[Black "Voigt, Keld"]
[Result "1-0"]
[WhiteElo "1476"]
[BlackElo "1087"]
[PlyCount "66"]
[EventDate "2011.??.??"]

1. e4 Nc6 2. Nf3 e5 3. Bc4 Nf6 4. d3 d5 5. exd5 Nxd5 6. Bxd5 Qxd5 7. Nc3 Bb4 8.
Bd2 Bxc3 9. Bxc3 Bg4 10. Qe2 O-O 11. b3 Nd4 12. Bxd4 exd4 13. O-O c5 14. Rfe1
Bxf3 15. gxf3 Qg5+ 16. Kh1 Kh8 17. Rg1 Qd5 18. Qe4 Qxe4 19. fxe4 f5 20. e5 g6
21. f4 Rae8 22. Rg3 Re6 23. Rc1 h6 24. h4 g5 25. hxg5 hxg5 26. Rxg5 Rg8 27.
Rxg8+ Kxg8 28. Kg2 Rh6 29. Kf3 Ra6 30. a4 b5 31. axb5 Ra2 32. Rg1+ Kf7 33. Rc1
Ke6 1-0

[Event "Faxe Dags EMT 2011"]
[Site "Faxe"]
[Date "2011.04.06"]
[Round "2"]
[White "Andersen, Bjarne Hjorth"]
[Black "Christoffersen, Per"]
[Result "1-0"]
[WhiteElo "1963"]
[BlackElo "1549"]
[PlyCount "79"]
[EventDate "2011.??.??"]

1. e4 e6 2. d4 d5 3. Nd2 Nf6 4. e5 Nfd7 5. f4 c5 6. c3 Nc6 7. Ndf3 Be7 8. g3
cxd4 9. cxd4 Qb6 10. Ne2 f6 11. Bh3 f5 12. a3 Na5 13. Nd2 Qd8 14. b4 Nc6 15.
Nb3 b5 16. Be3 Nb6 17. O-O Nc4 18. Bf2 a6 19. Nec1 a5 20. bxa5 N6xa5 21. Nc5
Bxc5 22. dxc5 O-O 23. Nd3 Nc6 24. Nb4 Bb7 25. Qd3 Qd7 26. Rfb1 Ra4 27. Nc2 Na7
28. Nd4 Bc6 29. Rb4 Ra6 30. Be1 Ra8 31. Rb3 Rb8 32. Bb4 Ba8 33. g4 g6 34. Kh1
Nc6 35. gxf5 gxf5 36. Rg1+ Kh8 37. Nxc6 Bxc6 38. Qd4 Raa8 39. Bxf5 exf5 40. e6+
1-0

[Event "Faxe Dags EMT 2011"]
[Site "Faxe"]
[Date "2011.04.06"]
[Round "2"]
[White "Larsen, Paul M"]
[Black "Jensen, Leif"]
[Result "0-1"]
[WhiteElo "1507"]
[BlackElo "1947"]
[PlyCount "78"]
[EventDate "2011.??.??"]

1. Nf3 d5 2. d4 c6 3. e3 Bf5 4. c4 e6 5. Nc3 Nf6 6. Bd3 Bg6 7. O-O Nbd7 8. c5
Be7 9. b4 Qc7 10. Bb2 e5 11. dxe5 Nxe5 12. Nxe5 Qxe5 13. Na4 Qc7 14. Bd4 O-O
15. Nc3 Rfe8 16. a4 Bxd3 17. Qxd3 Ng4 18. g3 Bf6 19. Rae1 Qe7 20. Ne2 Bxd4 21.
Qxd4 Ne5 22. Kg2 Qd7 23. h3 Qf5 24. Ng1 Nc4 25. Rc1 Re4 26. Qd1 Rae8 27. Qc2
Qd7 28. Kh2 Qe7 29. Qd3 Qf6 30. Rce1 Ne5 31. Qd2 Qh6 32. f3 Nc4 33. Qc1 Rxe3
34. Rxe3 Qxe3 35. Qxe3 Rxe3 36. b5 Rb3 37. Ne2 Rb2 38. Rf2 cxb5 39. axb5 Rxb5
0-1

[Event "Faxe Dags EMT 2011"]
[Site "Faxe"]
[Date "2011.04.06"]
[Round "2"]
[White "Hansen, Jens Hjort"]
[Black "Refsgaard, Kaj"]
[Result "1-0"]
[WhiteElo "1936"]
[BlackElo "1506"]
[PlyCount "81"]
[EventDate "2011.??.??"]

1. e4 c5 2. Nf3 Nc6 3. d4 cxd4 4. Nxd4 g6 5. Bc4 Nf6 6. Nc3 Ne5 7. Bb3 Bg7 8.
f3 O-O 9. Be3 d6 10. Qd2 Re8 11. O-O-O a6 12. g4 Qc7 13. h4 Nc4 14. Bxc4 Qxc4
15. h5 b5 16. Kb1 b4 17. Na4 Rb8 18. hxg6 fxg6 19. b3 Qf7 20. Nc6 Rb7 21. Nxb4
Bd7 22. Nb2 a5 23. Nd5 Reb8 24. Qxa5 Nxd5 25. exd5 Qxf3 26. Qd2 Bxg4 27. Bd4
Qxd5 28. Qh2 h5 29. Bxg7 Bxd1 30. Rxd1 Qf5 31. Bh6 Rc8 32. Qd2 Kh7 33. Be3 Rbc7
34. Rc1 d5 35. Nd1 h4 36. Bd4 e5 37. Ne3 Qe4 38. Bb2 d4 39. Nc4 Qd5 40. Nb6 h3
41. Nxd5 1-0

[Event "Faxe Dags EMT 2011"]
[Site "Faxe"]
[Date "2011.04.06"]
[Round "2"]
[White "Sorensen, Lindved"]
[Black "Petersen, Bent"]
[Result "0-1"]
[WhiteElo "1505"]
[BlackElo "1884"]
[PlyCount "82"]
[EventDate "2011.??.??"]

1. Nf3 d5 2. c4 c6 3. b3 Nf6 4. Bb2 Bf5 5. d3 e6 6. g3 Bc5 7. Nh4 Bg6 8. Bg2
dxc4 9. bxc4 Qb6 10. Bxf6 Bxf2+ 11. Kf1 gxf6 12. Qb3 Bd4 13. Nc3 Qxb3 14. axb3
Bxc3 15. Rc1 Bd4 16. Bf3 Nd7 17. Kg2 Ne5 18. Rhe1 a5 19. e3 Bb2 20. Nxg6 hxg6
21. Rc2 Ba3 22. Be2 Ke7 23. d4 Nd7 24. Rf1 g5 25. Bd3 Rh6 26. c5 Rah8 27. Rh1
f5 28. Rf2 Nf6 29. h3 Bb4 30. Re2 Ra8 31. Ra2 Nd5 32. Kf3 g4+ 33. Kf2 Rxh3 34.
Rxh3 gxh3 35. Kf3 Rh8 36. Rh2 Nf6 37. Bf1 Ne4 38. Bxh3 Rxh3 39. Rxh3 Ng5+ 40.
Kg2 Nxh3 41. Kxh3 Bd2 0-1

[Event "Faxe Dags EMT 2011"]
[Site "Faxe"]
[Date "2011.04.06"]
[Round "2"]
[White "Arendal, Gustav"]
[Black "Brinkhard, Anders"]
[Result "1-0"]
[WhiteElo "1834"]
[BlackElo "1482"]
[PlyCount "37"]
[EventDate "2011.??.??"]

1. e4 e6 2. Nf3 d5 3. Nc3 c6 4. d4 Nd7 5. Bd3 h6 6. O-O dxe4 7. Nxe4 Ngf6 8.
Nxf6+ Nxf6 9. Bf4 Be7 10. c3 O-O 11. Re1 b6 12. Qd2 g5 13. Bxg5 hxg5 14. Qxg5+
Kh8 15. Qh6+ Kg8 16. Re5 Ne4 17. Rxe4 f5 18. Rg4+ fxg4 19. Qh7# 1-0

[Event "Faxe Dags EMT 2011"]
[Site "Faxe"]
[Date "2011.04.06"]
[Round "2"]
[White "Hansen, Borge"]
[Black "Hansen, Arne Mandrup"]
[Result "1-0"]
[WhiteElo "1592"]
[BlackElo "1366"]
[PlyCount "105"]
[EventDate "2011.??.??"]

1. e4 d6 2. Bc4 Nf6 3. Nc3 g6 4. h3 Bg7 5. Nf3 O-O 6. O-O c6 7. d3 Nbd7 8. a3
e5 9. Bg5 b5 10. Ba2 Qc7 11. Rb1 Re8 12. Qd2 Nf8 13. Ne2 Ne6 14. Be3 h5 15. Ng5
Nxg5 16. Bxg5 Nh7 17. Be3 Be6 18. Bxe6 Rxe6 19. f4 f5 20. exf5 gxf5 21. fxe5
Bxe5 22. Rxf5 h4 23. d4 Bg7 24. Re1 Rg6 25. c3 d5 26. Nf4 Rf6 27. Rh5 Qf7 28.
Rxh4 Rf8 29. Nh5 Rg6 30. Nxg7 Qxg7 31. Rf4 Rxf4 32. Bxf4 Ng5 33. Bxg5 Rxg5 34.
Re2 Rg3 35. Kh1 Rg6 36. Qe3 Rf6 37. Qe8+ Rf8 38. Qe6+ Rf7 39. Qxc6 Rf1+ 40. Kh2
Rf7 41. Qxd5 Kh7 42. Qxb5 Qg6 43. Qe5 Kg8 44. Re4 Kh7 45. Rh4+ Kg8 46. Rg4 Qxg4
47. hxg4 Rh7+ 48. Kg3 Rg7 49. d5 a5 50. d6 a4 51. Qe8+ Kh7 52. d7 Kh6 53. Qh5#
1-0

[Event "Faxe Dags EMT 2011"]
[Site "Faxe"]
[Date "2011.04.06"]
[Round "2"]
[White "Andersen, Hans E"]
[Black "Kjeldgaard, Lennart"]
[Result "0-1"]
[WhiteElo "1476"]
[BlackElo "1565"]
[PlyCount "124"]
[EventDate "2011.??.??"]

1. e4 e5 2. Bc4 Nf6 3. d3 c6 4. Nf3 h6 5. Nxe5 Qa5+ 6. Bd2 Qxe5 7. Bc3 Qg5 8.
Qf3 d5 9. Bd2 Qg4 10. Qxg4 Nxg4 11. exd5 Bc5 12. O-O O-O 13. dxc6 Nxc6 14. h3
Nge5 15. Bb3 Be6 16. Nc3 Bxb3 17. axb3 Bb4 18. Rfe1 Rfe8 19. Bf4 f6 20. Be3 Ng6
21. Re2 Bxc3 22. bxc3 Nge7 23. Kf1 Nd5 24. c4 Nxe3+ 25. fxe3 Re5 26. d4 Re4 27.
d5 Ne5 28. Kf2 Nd7 29. Kf3 f5 30. g4 Ne5+ 31. Kf2 fxg4 32. hxg4 Rf8+ 33. Ke1
Nxg4 34. Rxa7 Nxe3 35. Kd2 Nf1+ 36. Kd3 Rxe2 37. Kxe2 Ng3+ 38. Ke3 Rf7 39. Kd4
h5 40. d6 Nf5+ 41. Kd5 h4 42. Ra8+ Kh7 43. Ke6 Rf6+ 44. Ke5 Nxd6 45. c5 Nf7+
46. Kd5 h3 47. Ra4 g5 48. c4 Rf1 49. Ra2 g4 50. Rh2 Ng5 51. c6 bxc6+ 52. Kxc6
Nf3 53. Re2 h2 54. Rxh2+ Nxh2 55. b4 g3 56. b5 g2 57. b6 g1=Q 58. b7 Rf6+ 59.
Kd7 Qd4+ 60. Ke7 Qe5+ 61. Kd7 Rd6+ 62. Kc7 Qe7+ 0-1

[Event "Faxe Dags EMT 2011"]
[Site "Faxe"]
[Date "2011.04.06"]
[Round "2"]
[White "Voigt, Keld"]
[Black "Eckert, Svend"]
[Result "0-1"]
[WhiteElo "1087"]
[BlackElo "1622"]
[PlyCount "50"]
[EventDate "2011.??.??"]

1. d4 Nf6 2. Nc3 d5 3. Bg5 e6 4. Nf3 Be7 5. e3 O-O 6. Bd3 b6 7. Ne5 Bb7 8. Bxf6
Bxf6 9. Qh5 g6 10. Qg4 c5 11. Nf3 c4 12. Be2 Nc6 13. Qf4 Re8 14. Nb5 e5 15.
dxe5 Bxe5 16. Nxe5 Nxe5 17. b3 a6 18. Nd4 b5 19. O-O Rc8 20. Qg3 Qf6 21. f4 Nc6
22. f5 Nxd4 23. fxg6 Nxe2+ 24. Kh1 Nxg3+ 25. hxg3 Qxg6 0-1

[Event "Faxe Dags EMT 2011"]
[Site "Faxe"]
[Date "2011.04.11"]
[Round "2"]
[White "Hansen, Egon"]
[Black "Hansen, Knud"]
[Result "1-0"]
[WhiteElo "1363"]
[BlackElo "1599"]
[PlyCount "93"]
[EventDate "2011.??.??"]

1. e4 e6 2. d4 d5 3. Nd2 Nf6 4. e5 Nfd7 5. c4 c5 6. cxd5 exd5 7. Qf3 cxd4 8.
Qxd5 Nc6 9. Bb5 Ndxe5 10. Qxe5+ Qe7 11. Bxc6+ bxc6 12. Qxe7+ Bxe7 13. Ngf3 c5
14. O-O O-O 15. Nc4 Ba6 16. b3 h6 17. Bf4 Rac8 18. Rfe1 Rfe8 19. Bd6 Bxd6 20.
Nxd6 Rxe1+ 21. Rxe1 Rd8 22. Re8+ Rxe8 23. Nxe8 Be2 24. Nd2 a5 25. Nd6 Bd1 26.
Kf1 a4 27. N6e4 axb3 28. axb3 Bc2 29. Nxc5 Bf5 30. Ke2 Kf8 31. Nf3 Ke7 32. Nxd4
Bc8 33. Ke3 Kd6 34. b4 g5 35. Ke4 h5 36. Nb5+ Ke7 37. Na7 Be6 38. Nxe6 Kxe6 39.
Kd4 Kd6 40. Kc4 Kc7 41. Nb5+ Kc6 42. Nd4+ Kb6 43. Kd5 h4 44. Ke5 g4 45. Kf5 g3
46. fxg3 hxg3 47. hxg3 1-0

[Event "Faxe Dags EMT 2011"]
[Site "Faxe"]
[Date "2011.04.06"]
[Round "2"]
[White "Rasmussen, Frede"]
[Black "Joost, Kjeld"]
[Result "1-0"]
[WhiteElo "1434"]
[BlackElo "1310"]
[PlyCount "46"]
[EventDate "2011.??.??"]

1. d4 d5 2. Bf4 Nc6 3. a3 Bf5 4. e3 e6 5. Bd3 Nge7 6. Nc3 a6 7. Nge2 h6 8. h3
g5 9. Bh2 Bg7 10. Ng3 Bg6 11. Nh5 Rh7 12. Ne2 Nf5 13. Nxg7+ Rxg7 14. Bxf5 exf5
15. f4 Qe7 16. Qd3 O-O-O 17. O-O-O Bh5 18. Rde1 gxf4 19. Nxf4 Bg6 20. Qb3 Na5
21. Qc3 Nc4 22. Nxd5 Rxd5 23. Qxc4 f6 1-0

[Event "Faxe Dags EMT 2011"]
[Site "Faxe"]
[Date "2011.04.26"]
[Round "2"]
[White "Toftvang, Ove"]
[Black "Nielsen, Flemming"]
[Result "0-1"]
[WhiteElo "1241"]
[BlackElo "1428"]
[PlyCount "176"]
[EventDate "2011.??.??"]

1. g3 e5 2. d3 d5 3. Bg2 Nc6 4. c3 Be6 5. Nd2 Nf6 6. e4 d4 7. c4 Bc5 8. Nb3 Bb6
9. a3 O-O 10. Nf3 a5 11. Nbd2 Qe7 12. O-O a4 13. b3 axb3 14. Nxb3 Rad8 15. a4
Na5 16. Ba3 c5 17. Nbd2 Qc7 18. Rb1 Nd7 19. Ng5 Nc6 20. Qh5 Nf6 21. Qh4 Bd7 22.
Bh3 Bxh3 23. Qxh3 Ba5 24. Nb3 Bb4 25. Bc1 h6 26. Nf3 Bc3 27. Bxh6 gxh6 28. Qxh6
Nh7 29. Ng5 f6 30. Ne6 Qf7 31. Nbxc5 Bb4 32. Nxd8 Rxd8 33. Nb3 Bf8 34. Qh3 Ng5
35. Qg2 Nb4 36. f4 Ne6 37. fxe5 Nxd3 38. Rxf6 Qe7 39. Rbf1 Nxe5 40. Qh3 Ng7 41.
c5 Qd7 42. Rxf8+ Rxf8 43. Qxd7 Nxd7 44. Rd1 Ne5 45. a5 d3 46. h3 Ne6 47. Kg2
Rc8 48. Rc1 Ng5 49. Nd2 Kf7 50. h4 Ne6 51. Kf2 Ra8 52. Nb3 Ke7 53. Ke3 Rf8 54.
Nd2 Rg8 55. Nf1 Rc8 56. g4 Rd8 57. Nd2 Nxg4+ 58. Kf3 Ne5+ 59. Ke3 Rd4 60. Rb1
Rd7 61. Rb5 Ng4+ 62. Kf3 Nd4+ 63. Kxg4 Nxb5 64. Kg5 Rc7 65. Nb3 Nc3 66. Kf5
Rxc5+ 67. Nxc5 d2 68. Nxb7 d1=Q 69. a6 Qh5+ 70. Kf4 Qxh4+ 71. Kf3 Qxe4+ 72. Kf2
Qe2+ 73. Kg3 Qxa6 74. Nc5 Qd6+ 75. Kf3 Qxc5 76. Kf4 Ke6 77. Kf3 Qe5 78. Kg4 Ne4
79. Kf3 Nd2+ 80. Kf2 Kf5 81. Kg2 Qf4 82. Kh3 Qg4+ 83. Kh2 Kf4 84. Kh1 Qf3+ 85.
Kg1 Kg4 86. Kh2 Ne4 87. Kg1 Qf2+ 88. Kh1 Ng3# 0-1

[Event "Faxe Dags EMT 2011"]
[Site "Faxe"]
[Date "2011.04.06"]
[Round "2"]
[White "Wehlast, Svend Erik"]
[Black "Andersen, Hans Poul"]
[Result "1/2-1/2"]
[WhiteElo "1420"]
[BlackElo "1217"]
[PlyCount "68"]
[EventDate "2011.??.??"]

1. d4 Nf6 2. c4 e6 3. Nf3 h6 4. Nc3 Bb4 5. Bd2 b6 6. e3 Bb7 7. a3 Bxc3 8. bxc3
O-O 9. Bd3 Ne4 10. O-O Nxd2 11. Nxd2 d5 12. f4 f5 13. Nf3 dxc4 14. Bxc4 Bd5 15.
Qb3 Bxc4 16. Qxc4 Qd6 17. Ne5 Rf6 18. Rf3 c6 19. Rg3 b5 20. Qe2 Nd7 21. Qh5 Nf8
22. Rh3 Qd5 23. g4 fxg4 24. Nxg4 Rg6 25. Qh4 Qf5 26. Rg3 Qd3 27. Nxh6+ gxh6 28.
Rxg6+ Nxg6 29. Qg3 Kh7 30. Kf2 Rg8 31. Rg1 Qd2+ 32. Kf1 Qd3+ 33. Kf2 Qd2+ 34.
Kf1 Qd3+ 1/2-1/2

[Event "Faxe Dags EMT 2011"]
[Site "Faxe"]
[Date "2011.04.06"]
[Round "2"]
[White "Olsen, Michael2"]
[Black "Ostrem, Eyolf"]
[Result "0-1"]
[WhiteElo "1197"]
[BlackElo "1400"]
[PlyCount "114"]
[EventDate "2011.??.??"]

1. d4 Nf6 2. c4 g6 3. Nc3 Bg7 4. Bg5 O-O 5. e4 h6 6. Bf4 g5 7. Be3 d6 8. Bd3 e5
9. d5 Ng4 10. Bc1 Na6 11. Nge2 f5 12. f3 fxe4 13. Bxe4 Nf6 14. O-O Nc5 15. Ng3
Qe8 16. Qc2 Nfxe4 17. Ncxe4 Qg6 18. Qe2 Nxe4 19. Nxe4 Bf5 20. Bd2 g4 21. Kh1
gxf3 22. gxf3 Kh7 23. Rg1 Qf7 24. Raf1 Rg8 25. Rg3 Bf6 26. Rfg1 Bh4 27. Qe3 Qh5
28. R1g2 Rxg3 29. Rxg3 Rf8 30. Rg1 Bxe4 31. Qxe4+ Kh8 32. Rg4 Bg5 33. Bxg5 hxg5
34. Qe3 Rf4 35. Rg3 b6 36. Kg2 Qg6 37. Rg4 Rxg4+ 38. fxg4 Kg7 39. Kg3 e4 40.
Qd4+ Kh6 41. Qe3 Qe8 42. h4 Qe5+ 43. Kh3 Qf4 44. hxg5+ Kxg5 45. Qxf4+ Kxf4 46.
g5 e3 47. Kg2 Kxg5 48. Kf3 Kf5 49. Kxe3 Ke5 50. Kd3 b5 51. b3 b4 52. Kc2 Kd4
53. Kb2 a5 54. a3 Kd3 55. a4 Kd2 56. Kb1 Kc3 57. Ka2 Kc2 0-1